Logo BPK

Biblioteka

Politechniki Koszalińskiej

Politischer Protestantismus : (Rekord nr 50670)

Szczegóły MARC
000 -ETYKIETA REKORDU
podpole kontrolne o stałej długości 00583nam a2200181 i 4500
001 - NUMER KONTROLNY REKORDU
pole kontrolne bgj
020 ## - MIĘDZYNARODOWY ZNORMALIZOWANY NUMER KSIĄŻKI - ISBN
ISBN 392640602X
040 ## - ŹRÓDŁO KATALOGOWANIA
Instytucja, która utworzyła rekord BPK
041 0# - KOD JĘZYKA
Kod języka tekstu ger
920 ## - Międzynarodowy znormalizowany numer książki – ISBN
ISBN 3-926406-02-X
008 - POLE O STAŁEJ DŁUGOŚCI - DANE KONTROLNE
podpole kontrolne o stałej długości s gw f |000 0 ger
100 1# - NAZWA OSOBOWA
Nazwa osobowa KANTZENBACH, Friedrich Wilhelm.
245 10 - TYTUŁ/ODPOWIEDZIALNOŚĆ
Tytuł Politischer Protestantismus :
Ciąg dalszy tytułu Historische Profile und typische Konstellationen seit 1800 /
Pozostałe elementy strefy tytułu i oznaczenia odpowiedzialności Friedrich Wilhelm Kantzenbach.
260 ## - STREFA ADRESU WYDAWNICZEGO
Miejsce wydania Saarbrücken-Scheidt :
Nazwa wydawcy/dystrybutora Dadder,
Data publikacji, dystrybucji/powstania dokumentu 1987.
300 ## - STREFA OPISU FIZYCZNEGO
Objętość 214 S. ;
Rozmiary 21 cm.
650 #9 - HASŁO PRZEDMIOTOWE W FORMIE NAZWY OGÓLNEJ LUB JEDNOSTKOWEJ
Nazwa ogólna lub geograficzna Politischer Protestantismus
Określnik ogólny Geschichte
Określnik chronologiczny 1800-1987
856 ## - LOKALIZACJA I DOSTĘP DO ELEKTRONICZNYCH DOKUMENTÓW ZDALNYCH
Link (URL) http://koha.tu.koszalin.pl/cgi-bin/koha/opac-detail.pl?biblionumber=50670
Tekst linku Katalog online BPK
942 ## - DODATKOWE ELEMENTY (KOHA)
Typ dokumentu Książka
Egzemplarze
Wycofany Status egzemplarza Uszkodzony Dostępność Lokalizacja stała Lokalizacja bieżąca Miejsce przechowywania Sygnatura Kod kreskowy Typ dokumentu
      Dostępny Biblioteka Politechniki Koszalińskiej Biblioteka Politechniki Koszalińskiej Wypożyczalnia Językowa N 759 01582475 Książka
© 2023 Biblioteka Politechniki Koszalińskiej :: KOHA